000 00860nam a2200289Ia 4500
003 OSt
005 20220918171127.0
006 a|||||r|||| 00| 0
007 ta
008 220917b |||||||| |||| 00| 0 eng d
020 _a9781259028618 (pbk)
_c615
024 _a270,631
037 _bCBS/43, 27/06/2013, Classic Book Service
_cTextual
040 _aARTS
_cARTS
_beng
041 _2eng
_aeng
082 _aX5:8, Q2
100 _aNickels William G
_934315
245 0 _aUnderstanding business
250 _a9th ed.
260 _aNew Delhi
_bTat McGraw Hill India
_c2012
300 _axliii,569p.
_ccm.
490 _aFYUP FC BEM
650 _aECONOMICS
700 _a Mchugh James M
_934316
942 _hX5:8, Q2
_cTEXL
_2CC
999 _c137990
_d137990